UBT Library

Membrane fusion / (Record no. 47094)

000 -LEADER
fixed length control field 00672pam a2200241 a 4500
001 - CONTROL NUMBER
control field 580099
005 - DATE AND TIME OF LATEST TRANSACTION
control field 20180814045715.0
008 - FIXED-LENGTH DATA ELEMENTS--GENERAL INFORMATION
fixed length control field 900802s1991 nyua b 001 0 eng c
010 ## - LIBRARY OF CONGRESS CONTROL NUMBER
LC control number 90013828
020 ## - INTERNATIONAL STANDARD BOOK NUMBER
International Standard Book Number 0824783018 (alk. paper)
040 ## - CATALOGING SOURCE
Original cataloging agency DNLM/DLC
Transcribing agency DLC
Modifying agency DLC
041 ## - LANGUAGE CODE
Language code of text/sound track or separate title eng
060 ## - NATIONAL LIBRARY OF MEDICINE CALL NUMBER
Classification number QH 601 M53251
080 ## - UNIVERSAL DECIMAL CLASSIFICATION NUMBER
Universal Decimal Classification number 574.875 WIL
082 00 - DEWEY DECIMAL CLASSIFICATION NUMBER
Classification number 574.875 WIL
Edition number 20
100 ## - Rafti
Rafti 11
101 ## - Shkurtesa
Shkurtesa BIO
245 00 - TITLE STATEMENT
Title Membrane fusion /
Statement of responsibility, etc edited by Jan Wilschut, Dick Hoekstra.
504 ## - BIBLIOGRAPHY, ETC. NOTE
Bibliography, etc Includes bibliographical references and index.
906 ## - LOCAL DATA ELEMENT F, LDF (RLIN)
a 7
b cbc
c orignew
d 1
e ocip
f 19
g y-gencatlg
942 ## - ADDED ENTRY ELEMENTS (KOHA)
Source of classification or shelving scheme
Item type Books
Holdings
Withdrawn status Lost status Source of classification or shelving scheme Damaged status Not for loan Collection code Permanent location Current location Shelving location Date acquired Total Checkouts Full call number Barcode Date last seen Price effective from Koha item type
          Koleksioni i përgjithshem UBT - Lipjan UBT - Lipjan Koleksioni i përgjithshem 08/14/2018   574.875 WIL 002-3011211 08/14/2018 08/14/2018 Books
UBT Library © 2015-2024. All rights reserved University Education for Business and Technology